000 02126cam a2200265 4500500
005 20260111093004.0
041 _afre
042 _adc
100 1 0 _aLémonon, Jean-Pierre
_eauthor
245 0 0 _aLa femme dans la première lettre de Paul aux Corinthiens
260 _c2017.
500 _a67
520 _aFaut-il récuser la vision paulinienne de la femme tirée de ses propos émis dans la Première lettre aux Corinthiens ? L’A. fait le point des interprétations et examine en particulier 1 Co 11,2-16 et 14,33b-36. Ces passages sont à comprendre comme une mise au point de Paul vis-à-vis de femmes qui n’ont pas compris ce qu’était la vraie liberté chrétienne ; de leur mauvaise compréhension de la nouveauté chrétienne, ces femmes tirent des pratiques qui rompent avec celles des autres communautés. En 1 Co, Paul n’est pas à contre-courant de ce qu’il a affirmé en Ga 3,28a. L’article est suivi de deux annexes sur l’histoire récente de l’exégèse et de la traduction d’ exousia, et d’indications bibliographiques.
520 _aWoman in the First Letter of Paul to the CorinthiansIs it necessary to challenge the Pauline vision of woman taken from his judgment expressed in the First Letter to the Corinthians ? The author reviews some interpretations and examines 1 Cor 11,2-16 and 14,33b-36, where Paul tries to find a right path between libertinism and rigour arising from an extreme case which created a scandal in the community. The article is followed by 2 appendices taking up the recent history of exegesis and the translation of exousia, and providing some bibliographical indications.
690 _aExousia
690 _amisogynie
690 _aPaul et les femmes
690 _aPremière lettre aux Corinthiens
690 _aExousia
690 _aFirst Letter to the Corinthians
690 _amisogyny
690 _aPaul and women
786 0 _nNouvelle revue théologique | 139 | 4 | 2017-09-04 | p. 529-547 | 0029-4845
856 4 1 _uhttps://shs.cairn.info/revue-nouvelle-revue-theologique-2017-4-page-529?lang=fr&redirect-ssocas=7080
999 _c1625023
_d1625023